Numbers 1-10 in European Languages #1 - Statistics

General Stats
  • This quiz has been taken 342 times
  • The average score is 47 of 80
Answer Stats
Number Answer % Correct
1 uno
93%
2 dos
91%
3 tres
90%
3 drei
89%
1 un
89%
1 uno
88%
2 zwei
88%
1 eins
87%
5 fünf
86%
6 sechs
85%
8 acht
84%
7 sieben
84%
4 vier
84%
9 neun
83%
3 trois
83%
5 cinco
82%
2 deux
82%
10 zehn
81%
5 cinq
80%
8 ocho
80%
4 quatre
79%
6 seis
79%
3 tre
79%
4 cuatro
78%
9 nueve
78%
10 dix
76%
9 neuf
76%
4 quattro
76%
8 huit
75%
7 sept
75%
7 siete
75%
6 six
75%
10 diez
73%
2 due
71%
5 cinque
67%
6 sei
67%
8 otto
65%
7 sette
64%
9 nove
61%
10 dieci
59%
1 een
55%
4 vier
52%
8 acht
50%
3 drie
48%
2 twee
48%
1 jeden
47%
6 sex
47%
3 tre
47%
2 dwa
45%
5 fem
44%
2 två
44%
8 åtta
43%
9 nio
43%
10 tio
43%
1 ett
42%
5 vijf
42%
7 zeven
42%
4 fyra
41%
7 sju
41%
10 tien
41%
9 negen
40%
1 unu
38%
6 zes
38%
2 doi
35%
4 patru
34%
5 pięć
33%
3 trei
33%
8 opt
31%
7 șapte
31%
6 șase
30%
8 osiem
29%
7 siedem
29%
9 nouă
28%
3 trzy
28%
5 cinci
27%
10 zece
27%
4 cztery
25%
6 sześć
23%
10 dziesięć
20%
9 dziewięć
20%
No matching quizzes found
Score Distribution
Percent of People with Each Score
Percentile by Number Answered
Your Score History
You have not taken this quiz